Control System Design (Record no. 351464)

MARC details
000 -LEADER
fixed length control field 00446nam a2200169Ia 4500
008 - FIXED-LENGTH DATA ELEMENTS--GENERAL INFORMATION
fixed length control field 230718s9999 xx 000 0 und d
020 ## - INTERNATIONAL STANDARD BOOK NUMBER
International Standard Book Number 9788174092293
041 ## - LANGUAGE CODE
Language code of text/sound track or separate title eng
082 ## - DEWEY DECIMAL CLASSIFICATION NUMBER
Classification number 629.8
Item number MAN
100 ## - MAIN ENTRY--PERSONAL NAME
Personal name Manke B.S.
9 (RLIN) 150779
245 ## - TITLE STATEMENT
Title Control System Design
260 ## - PUBLICATION, DISTRIBUTION, ETC. (IMPRINT)
Date of publication, distribution, etc. 2014
Name of publisher, distributor, etc. Khanna Publishers
300 ## - PHYSICAL DESCRIPTION
Extent 333
365 ## - TRADE PRICE
Currency code Rs.
Price amount 249.00
700 ## - ADDED ENTRY--PERSONAL NAME
Personal name Manke B.S.
9 (RLIN) 150779
906 ## - LOCAL DATA ELEMENT F, LDF (RLIN)
d O:0710425-Feb-2020B:IN122817-Feb-2020
c TI
b 498
Holdings
Withdrawn status Lost status Damaged status Not for loan Home library Current library Date acquired Vendor Budget Code Cost, normal purchase price Bill number Total Checkouts Full call number Barcode Date last seen Discount Cost, replacement price Bill Date Koha item type Original Barcode
        Cummins College of Engineering for Women Pune Cummins College of Engineering for Women Pune 25/02/2020 Pradeep Book Distributors TI 199.20 IN1228   629.8 CCEP-BK-62675 18/07/2023 498 249.00 17/02/2020 Books 062675